000 00873nam a2200289Ia 4500
003 OSt
005 20220912150903.0
006 a|||||r|||| 00| 0
007 ta
008 220909b |||||||| |||| 00| 0 eng d
020 _a1574440128 (hbd)
024 _a4205
037 _b96-97/271,
037 _cTextual
040 _aCSL
_beng
_cCSL
041 _aeng
082 _aY7:(G:55)0gX, N6
100 _aGotlieb Yosef
245 0 _aDevelopment, environment and global dysfunction: toward sustainable recovery
260 _aDelray Beach,Florida St. Lucie Press
_c1996
300 _axi,188p.
_ccm.
500 _aBibliography 147-182p.
_ccm.; Index 183-188p.
_ccm.
650 _a Human environment influenced by Development
650 _aAnthropology
942 _hY7:(G:55)0gX, N6
_cTEXL
_2CC
999 _c56888
_d56888